000 00387nam a2200133Ia 4500
008 220217s9999||||xx |||||||||||||| ||und||
020 _a978-81-312-1520-3
082 _a004.33 WIL
100 _aWilliams, Rob
245 0 _aReal time systems development
260 _aElsevier Academic press/Butterworth-Heinemann
_bBurlington
_c2008
300 _b425
650 _aCOMPUTER SCIENCE
999 _c177031
_d177031